00393nam a2200133Ia 4500008004100000100002000041245000900061260000900070300003400079440002400113650003100137999001900168952007200187180117s9999 xx 000 0 und d aby AA Patawaran aWHWN c2017 a20-22 pages, 2017 September 3 aPhilippine Panorama aPRAYER FOR THE PHILIPPINES c353532d353532 001040aCLbCLd2018-01-17l0r2018-01-17 00:00:00w2018-01-17ySE